|
|
|
|
| LEADER |
00000nam0a2200000 4500 |
| 001 |
263809 |
| 005 |
20231031222546.0 |
| 010 |
|
|
|a 9785991203609
|
| 035 |
|
|
|a (RuTPU)RU\TPU\book\286799
|
| 090 |
|
|
|a 263809
|
| 100 |
|
|
|a 20140611d2014 m y0rusy50 ca
|
| 101 |
0 |
|
|a rus
|
| 102 |
|
|
|a RU
|
| 105 |
|
|
|a y j 001zy
|
| 200 |
1 |
|
|a Процессы и задачи управления проектами информационных систем
|e учебное пособие
|f В. П. Корячко, А. И. Таганов
|
| 210 |
|
|
|a Москва
|c Горячая линия-Телеком
|d 2014
|
| 215 |
|
|
|a 376 с.
|c ил.
|
| 225 |
1 |
|
|a Учебное пособие для вузов
|
| 225 |
1 |
|
|a Специальность
|
| 320 |
|
|
|a Библиогр.: с. 375-376.
|
| 330 |
|
|
|a Изложены методические основы технологии процессного управления проектами информационных и программных систем, содержащие основы процессного подхода к управлению проектами и основы стандартного подхода к руководству проектом с описанием жизненного цикла руководства проектом и основных процессов (управление проектом и представление отчетов, управление работой, управление ресурсами, управление качеством и управление конфигурацией). Для студентов, обучающихся по направлению «Информатика и вычислительная техника».
|
| 606 |
1 |
|
|a Вычислительные системы
|x Проектирование
|2 stltpush
|3 (RuTPU)RU\TPU\subj\4301
|
| 610 |
1 |
|
|a информационные системы
|
| 610 |
1 |
|
|a программные системы
|
| 610 |
1 |
|
|a проекты
|
| 610 |
1 |
|
|a управление
|
| 610 |
1 |
|
|a процессный подход
|
| 610 |
1 |
|
|a жизненный цикл
|
| 610 |
1 |
|
|a процессы
|
| 610 |
1 |
|
|a учебные пособия
|
| 675 |
|
|
|a 004.415.2(75.8)
|v 4
|
| 700 |
|
1 |
|a Корячко
|b В. П.
|g Вячеслав Петрович
|
| 701 |
|
1 |
|a Таганов
|b А. И.
|g Александр Иванович
|
| 801 |
|
1 |
|a RU
|b 63413507
|c 20140611
|
| 801 |
|
2 |
|a RU
|b 63413507
|c 20150630
|g RCR
|
| 900 |
|
|
|a Управление проектами информационных систем
|
| 942 |
|
|
|c BK
|
| 951 |
|
|
|b 230100
|l 8
|
| 959 |
|
|
|a 103/20140610
|d 2
|e 550,00
|f ЧЗТЛ:1
|f АНЛ:1
|